New space handbook : astronautics and its applications /

Bibliographic Details
Corporate Author: Rand Corporation
Other Authors: Buchheim, Robert W.
Format: Book
Language:English
Published: New York : Vintage Books, [1963]
Subjects:

MARC

Tag First Indicator Second Indicator Subfields
LEADER 00000cam a2200000 4500
001 in00000098888
005 20150926125536.0
008 750616s1963 eng u
010 |a  64004194  
035 |a (OCoLC)01394603 
035 |9 AAL3567AM 
040 |c ORL  |d TXA  |d UtOrBLW 
049 |a TXAM  |c [900360] 
050 0 0 |a TL790  |b .R3 1963 
092 |a 629.1388  |b Ran 
110 2 |a Rand Corporation. 
245 1 0 |a New space handbook :  |b astronautics and its applications /  |c by Robert W. Buchheim and the staff of the Rand Corporation. 
264 1 |a New York :  |b Vintage Books,  |c [1963] 
300 |a xix, 351 pages :  |b illustrations ;  |c 19 cm. 
336 |a text  |b txt  |2 rdacontent 
337 |a unmediated  |b n  |2 rdamedia 
338 |a volume  |b nc  |2 rdacarrier 
500 |a "V-160." 
500 |a Revised edition of the corporation's Space handbook published in 1959. 
650 0 |a Astronautics. 
700 1 |a Buchheim, Robert W. 
740 0 |a Space handbook. 
999 |a MARS 
999 f f |s 67e85098-1e64-30f6-8887-ead9fbe77ccf  |i 3c1bf67f-9f64-3131-ba58-b8227584f335  |t 0 
952 f f |p ric  |a Texas A&M University  |b Rellis Campus  |c Joint Library Facility  |d Remote Storage  |t 0  |e TL790 .R3 1963  |h Library of Congress classification  |i unmediated -- volume  |m A14805557091 
998 f f |a TL790 .R3 1963  |t 0  |l Remote Storage